000 01050cab a2200241 4500
001 ABS68835
008 050314n2005 000 0 eng u
035 _a(Sirsi) u129037
100 _aBirch, J.
245 _aBack to the bad old days?
260 _c2005
490 _aRoof
_vMarch/April 2005, 22-27(6)
520 _aReports on the results of new research undertaken to compile the "Roof Affordability Index 2005" and concludes that affordability for first-time buyers is almost as bad now as in the early 1990s but that a housing market crash in 2005 still looks unlikely without an external crisis to trigger it. Tables and graphs cover supporting data on affordability and a wide range of housing market factors as well as the "Roof Affordability Index 2005".
590 _aABS
650 _aHOUSE PRICES
650 _aFIRST-TIME BUYERS
650 _aAFFORDABILITY
650 _aMORTGAGES
650 _aREPOSSESSIONS
650 _aHOUSE SALES
690 _aPROPERTY-RESIDENTIAL PROPERTY-RESIDENTIAL PROPERTY MARKET
942 _n0
999 _c74907
_d74907